<?xml version="1.0" encoding="UTF-8"?>
<record
    xmlns:xsi="http://www.w3.org/2001/XMLSchema-instance"
    xsi:schemaLocation="http://www.loc.gov/MARC21/slim http://www.loc.gov/standards/marcxml/schema/MARC21slim.xsd"
    xmlns="http://www.loc.gov/MARC21/slim">

  <leader>01084nam a2200277 a 4500</leader>
  <controlfield tag="001">42457</controlfield>
  <controlfield tag="003">BD-RjUL</controlfield>
  <controlfield tag="005">20211209053538.0</controlfield>
  <controlfield tag="008">851119r19651953enk           001 0 eng d</controlfield>
  <datafield tag="035" ind1=" " ind2=" ">
    <subfield code="a">(BD-RjUL)42575</subfield>
  </datafield>
  <datafield tag="035" ind1=" " ind2=" ">
    <subfield code="a">712501</subfield>
  </datafield>
  <datafield tag="040" ind1=" " ind2=" ">
    <subfield code="a">APLS</subfield>
    <subfield code="b">eng</subfield>
    <subfield code="c">APLS</subfield>
    <subfield code="d">VDU</subfield>
  </datafield>
  <datafield tag="041" ind1=" " ind2=" ">
    <subfield code="a">eng</subfield>
  </datafield>
  <datafield tag="082" ind1=" " ind2=" ">
    <subfield code="2">22</subfield>
    <subfield code="a">330.1932</subfield>
    <subfield code="b">MYP 1953-1965</subfield>
  </datafield>
  <datafield tag="100" ind1="1" ind2=" ">
    <subfield code="a">Myrdal, Gunnar,</subfield>
    <subfield code="d">1898-</subfield>
    <subfield code="9">130604</subfield>
  </datafield>
  <datafield tag="245" ind1="1" ind2="4">
    <subfield code="a">The political element in the development of economic theory /</subfield>
    <subfield code="c">by Gunnar Myrdal ; translated from the German by Paul Streeten.</subfield>
  </datafield>
  <datafield tag="260" ind1=" " ind2=" ">
    <subfield code="a">London :</subfield>
    <subfield code="b">Routledge &amp; Kegan Paul,</subfield>
    <subfield code="c">1953 [ Impression 1955-1965]</subfield>
  </datafield>
  <datafield tag="300" ind1=" " ind2=" ">
    <subfield code="a">xvii, 248 p. ;</subfield>
    <subfield code="c">23 cm.</subfield>
  </datafield>
  <datafield tag="500" ind1=" " ind2=" ">
    <subfield code="a">Originally published in Swedish under title: Vetenskap och politik i nationalekonomien.</subfield>
  </datafield>
  <datafield tag="500" ind1=" " ind2=" ">
    <subfield code="a">Bibliographical references included in "Notes" (p. 218-241). and index</subfield>
  </datafield>
  <datafield tag="650" ind1=" " ind2="0">
    <subfield code="a">Economic policy.</subfield>
    <subfield code="9">130605</subfield>
  </datafield>
  <datafield tag="650" ind1=" " ind2="0">
    <subfield code="a">Economics, Theoretical.</subfield>
    <subfield code="9">130606</subfield>
  </datafield>
  <datafield tag="942" ind1=" " ind2=" ">
    <subfield code="2">ddc</subfield>
    <subfield code="c">BK</subfield>
  </datafield>
  <datafield tag="999" ind1=" " ind2=" ">
    <subfield code="c">42457</subfield>
    <subfield code="d">42457</subfield>
  </datafield>
  <datafield tag="952" ind1=" " ind2=" ">
    <subfield code="0">0</subfield>
    <subfield code="1">0</subfield>
    <subfield code="2">ddc</subfield>
    <subfield code="4">0</subfield>
    <subfield code="7">1</subfield>
    <subfield code="8">NFIC</subfield>
    <subfield code="a">RUCL</subfield>
    <subfield code="b">RUCL</subfield>
    <subfield code="c">Reading</subfield>
    <subfield code="d">1973-06-26</subfield>
    <subfield code="e">Euro Bangladesh news Agency</subfield>
    <subfield code="g">66.00</subfield>
    <subfield code="l">0</subfield>
    <subfield code="o">330.1932 MYP 1965</subfield>
    <subfield code="r">2016-06-13 00:00:00</subfield>
    <subfield code="t">C-1</subfield>
    <subfield code="w">2021-12-09</subfield>
    <subfield code="y">BK</subfield>
  </datafield>
  <datafield tag="952" ind1=" " ind2=" ">
    <subfield code="0">0</subfield>
    <subfield code="1">0</subfield>
    <subfield code="2">ddc</subfield>
    <subfield code="4">0</subfield>
    <subfield code="7">0</subfield>
    <subfield code="8">NFIC</subfield>
    <subfield code="a">RUCL</subfield>
    <subfield code="b">RUCL</subfield>
    <subfield code="c">Stack</subfield>
    <subfield code="d">1973-06-26</subfield>
    <subfield code="e">Euro Bangladesh news Agency</subfield>
    <subfield code="g">66.00</subfield>
    <subfield code="l">0</subfield>
    <subfield code="o">330.1932 MYP 1965</subfield>
    <subfield code="r">2016-06-13 00:00:00</subfield>
    <subfield code="t">C-2</subfield>
    <subfield code="w">2016-06-13</subfield>
    <subfield code="y">BK</subfield>
  </datafield>
  <datafield tag="952" ind1=" " ind2=" ">
    <subfield code="0">0</subfield>
    <subfield code="1">0</subfield>
    <subfield code="2">ddc</subfield>
    <subfield code="4">0</subfield>
    <subfield code="7">0</subfield>
    <subfield code="8">NFIC</subfield>
    <subfield code="a">RUCL</subfield>
    <subfield code="b">RUCL</subfield>
    <subfield code="c">Stack</subfield>
    <subfield code="d">1967-05-09</subfield>
    <subfield code="e">American B+S Agency</subfield>
    <subfield code="g">78.75</subfield>
    <subfield code="l">0</subfield>
    <subfield code="o">330.1932 MYP 1965</subfield>
    <subfield code="r">2016-06-13 00:00:00</subfield>
    <subfield code="t">C-3</subfield>
    <subfield code="w">2016-06-13</subfield>
    <subfield code="y">BK</subfield>
  </datafield>
  <datafield tag="952" ind1=" " ind2=" ">
    <subfield code="0">0</subfield>
    <subfield code="1">0</subfield>
    <subfield code="2">ddc</subfield>
    <subfield code="4">0</subfield>
    <subfield code="7">0</subfield>
    <subfield code="8">NFIC</subfield>
    <subfield code="a">RUCL</subfield>
    <subfield code="b">RUCL</subfield>
    <subfield code="c">Stack</subfield>
    <subfield code="d">1965-06-23</subfield>
    <subfield code="e">Eureka book Agency, Rajshahi</subfield>
    <subfield code="g">18.75</subfield>
    <subfield code="l">0</subfield>
    <subfield code="o">330.1932 MYP 1965</subfield>
    <subfield code="r">2016-06-13 00:00:00</subfield>
    <subfield code="t">C-4</subfield>
    <subfield code="w">2016-06-13</subfield>
    <subfield code="y">BK</subfield>
  </datafield>
  <datafield tag="952" ind1=" " ind2=" ">
    <subfield code="0">0</subfield>
    <subfield code="1">0</subfield>
    <subfield code="2">ddc</subfield>
    <subfield code="4">0</subfield>
    <subfield code="7">0</subfield>
    <subfield code="8">NFIC</subfield>
    <subfield code="a">RUCL</subfield>
    <subfield code="b">RUCL</subfield>
    <subfield code="c">Stack</subfield>
    <subfield code="d">1965-06-23</subfield>
    <subfield code="e">Sweets ana Zait.</subfield>
    <subfield code="g">25.00</subfield>
    <subfield code="l">0</subfield>
    <subfield code="o">330.1932 MYP 1965</subfield>
    <subfield code="r">2016-06-13 00:00:00</subfield>
    <subfield code="t">C-5</subfield>
    <subfield code="w">2016-06-13</subfield>
    <subfield code="y">BK</subfield>
  </datafield>
  <datafield tag="952" ind1=" " ind2=" ">
    <subfield code="0">0</subfield>
    <subfield code="1">0</subfield>
    <subfield code="2">ddc</subfield>
    <subfield code="4">0</subfield>
    <subfield code="7">0</subfield>
    <subfield code="8">NFIC</subfield>
    <subfield code="a">RUCL</subfield>
    <subfield code="b">RUCL</subfield>
    <subfield code="c">Stack</subfield>
    <subfield code="d">1962-10-23</subfield>
    <subfield code="e">Sweets ana Zait.</subfield>
    <subfield code="g">25.00</subfield>
    <subfield code="l">0</subfield>
    <subfield code="o">330.1932 MYP 1955</subfield>
    <subfield code="r">2016-06-13 00:00:00</subfield>
    <subfield code="t">C-6</subfield>
    <subfield code="w">2016-06-13</subfield>
    <subfield code="y">BK</subfield>
  </datafield>
  <datafield tag="952" ind1=" " ind2=" ">
    <subfield code="0">0</subfield>
    <subfield code="1">0</subfield>
    <subfield code="2">ddc</subfield>
    <subfield code="4">0</subfield>
    <subfield code="7">0</subfield>
    <subfield code="8">NFIC</subfield>
    <subfield code="a">RUCL</subfield>
    <subfield code="b">RUCL</subfield>
    <subfield code="c">Stack</subfield>
    <subfield code="d">1962-10-23</subfield>
    <subfield code="e">Sweets ana Zait.</subfield>
    <subfield code="g">25.00</subfield>
    <subfield code="l">0</subfield>
    <subfield code="o">330.1932 MYP 1955</subfield>
    <subfield code="r">2016-06-13 00:00:00</subfield>
    <subfield code="t">C-7</subfield>
    <subfield code="w">2016-06-13</subfield>
    <subfield code="y">BK</subfield>
  </datafield>
  <datafield tag="952" ind1=" " ind2=" ">
    <subfield code="0">0</subfield>
    <subfield code="1">0</subfield>
    <subfield code="2">ddc</subfield>
    <subfield code="4">0</subfield>
    <subfield code="7">0</subfield>
    <subfield code="8">NFIC</subfield>
    <subfield code="a">RUCL</subfield>
    <subfield code="b">RUCL</subfield>
    <subfield code="c">Stack</subfield>
    <subfield code="d">1962-10-23</subfield>
    <subfield code="e">Sweets ana Zait.</subfield>
    <subfield code="g">25.00</subfield>
    <subfield code="l">0</subfield>
    <subfield code="o">330.1932 MYP 1955</subfield>
    <subfield code="r">2016-06-13 00:00:00</subfield>
    <subfield code="t">C-8</subfield>
    <subfield code="w">2016-06-13</subfield>
    <subfield code="y">BK</subfield>
  </datafield>
  <datafield tag="952" ind1=" " ind2=" ">
    <subfield code="0">0</subfield>
    <subfield code="1">0</subfield>
    <subfield code="2">ddc</subfield>
    <subfield code="4">0</subfield>
    <subfield code="7">0</subfield>
    <subfield code="8">NFIC</subfield>
    <subfield code="a">RUCL</subfield>
    <subfield code="b">RUCL</subfield>
    <subfield code="c">Stack</subfield>
    <subfield code="d">1957-11-26</subfield>
    <subfield code="e">Pok. American commercial</subfield>
    <subfield code="g">18.12</subfield>
    <subfield code="l">0</subfield>
    <subfield code="o">330.1932 MYP 1955</subfield>
    <subfield code="r">2016-06-13 00:00:00</subfield>
    <subfield code="t">C-9</subfield>
    <subfield code="w">2016-06-13</subfield>
    <subfield code="y">BK</subfield>
  </datafield>
  <datafield tag="952" ind1=" " ind2=" ">
    <subfield code="0">0</subfield>
    <subfield code="1">0</subfield>
    <subfield code="2">ddc</subfield>
    <subfield code="4">0</subfield>
    <subfield code="7">0</subfield>
    <subfield code="8">NFIC</subfield>
    <subfield code="a">RUCL</subfield>
    <subfield code="b">RUCL</subfield>
    <subfield code="c">Stack</subfield>
    <subfield code="d">1962-10-23</subfield>
    <subfield code="e">Zeitlinger</subfield>
    <subfield code="g">25.00</subfield>
    <subfield code="l">0</subfield>
    <subfield code="o">330.1932 MYP 1955</subfield>
    <subfield code="r">2016-06-13 00:00:00</subfield>
    <subfield code="t">C-10</subfield>
    <subfield code="w">2016-06-13</subfield>
    <subfield code="y">BK</subfield>
  </datafield>
</record>
